01078cam a22002771 450000100060000000300080000600500170001400800390003103500190007003500180008904000280010704100080013508200250014310000450016824500880021326000350030130000210033650400320035750400200038950501610040965000210057065100380059194200120062999900170064195201420065825617BD-RjUL20211209050913.0140318s1920 xx 001 0 eng a(BD-RjUL)25687 a(OCoLC)626770 aDLCcOAkUdBD-RjULbeng aeng00a940.22bTAT V-2 19201 aTaylor, Henry Osborn,d1856-1941.97282910aThought and expression in the sixteenth century /cby Henry Osborn Taylor.nVol. II aNew York :bMacmillan,cc1920. a432 p. ;c23 cm. aBibliographical foot-notes. aIncludes index.0 aVol. I. book I. The humanism of Italy. book II. Erasmus and Luther. book III. The French mind.--vol. II. book IV. England. book V. Philosophy and science. 0aHumanism.978719 0aEuropexIntellectual life.978720 2ddccBK c25617d25617 00102ddc40728NFICaRUCLbRUCLcReadingd1922-04-05eAsia Foundationl0o940.22 TAT V-2 1920r2014-03-18 00:00:00tC-1w2014-03-18yBK